Guess the Taylor Swift Song (no hints) 138 - Statistics

General Stats
  • This quiz has been taken 59 times
  • The average score is 378 of 481
Answer Stats
Answer % Correct
I
100%
the
98%
The
98%
you
98%
a
95%
is
95%
Is
95%
me,
95%
me
95%
to
95%
We
95%
we
95%
And
93%
and
93%
are
93%
love
93%
where
93%
(where
93%
go
90%
in
90%
on
90%
we're
90%
your
90%
Your
90%
do
88%
do)
88%
like
88%
my
88%
(my
88%
My
88%
I'm
86%
Never
86%
never
86%
not
86%
one
86%
one,
86%
Say
86%
this
86%
want,
86%
you're
86%
all
83%
at
83%
of
83%
out
83%
for
81%
girl
81%
I'll
81%
Now
81%
bein'
79%
I've
79%
let
79%
night,
79%
off
79%
baby,
76%
Baby,
76%
made
76%
oh)
76%
once,
76%
once
76%
up
76%
Up
76%
alone
74%
have
74%
mind,
74%
own
74%
beat
71%
been
71%
better
71%
boys
71%
heart,
71%
heart
71%
heart),
71%
With
71%
with
71%
body
69%
Body
69%
end
69%
King
69%
live
69%
met
69%
roof
69%
these
69%
took
69%
beer
67%
crush
67%
cups
67%
Drinking
67%
inside
67%
(inside
67%
nights
67%
plastic
67%
soul,
67%
their
67%
try
67%
waiting
67%
waiting,
67%
(waiting)
67%
(waiting),
67%
ago
64%
American
64%
callin'
64%
cars
64%
clothes
64%
endings?
64%
expensive
64%
fancy
64%
few
64%
fine,
64%
Jaguars
64%
keep
64%
Late
64%
move
64%
Queen
64%
school
64%
stuff
64%
weeks
64%
bones
62%
broken
62%
'Cause
62%
Change
62%
dying
62%
enough
62%
kingdom
62%
mending
62%
perfectly
62%
quite
62%
Range
62%
room
62%
room,
62%
Rovers
62%
spending
62%
asleep
60%
city's
60%
dreaming,
60%
idea
60%
luxury
60%
Motown
60%
ooh
60%
Ooh
60%
(ooh
60%
rule
60%
secret
60%
taste
60%
tryin'
60%
whoa
60%
whoa,
60%
whoa)
60%
hoping,
57%
lips
57%
priorities
57%
Salute
50%
(hey),
24%
No matching quizzes found
Score Distribution
Percent of People with Each Score
Percentile by Number Answered
Your Score History
You have not taken this quiz